|
|
|
|
| LEADER |
01495nam a2200373Ia 4500 |
| 001 |
EBC168497 |
| 003 |
MiAaPQ |
| 005 |
20200520144314.0 |
| 006 |
m o d | |
| 007 |
cr cn||||||||| |
| 008 |
000320s2000 enka sb 001 0 eng d |
| 010 |
|
|
|z 00036596
|
| 020 |
|
|
|z 0415233607 (alk. paper)
|
| 035 |
|
|
|a (MiAaPQ)EBC168497
|
| 035 |
|
|
|a (Au-PeEL)EBL168497
|
| 035 |
|
|
|a (CaPaEBR)ebr10035312
|
| 035 |
|
|
|a (CaONFJC)MIL40212
|
| 035 |
|
|
|a (OCoLC)559707292
|
| 040 |
|
|
|a MiAaPQ
|c MiAaPQ
|d MiAaPQ
|
| 050 |
|
4 |
|a HG4538
|b .T94 2000
|
| 082 |
0 |
4 |
|a 332.67/3/091724
|2 21
|
| 100 |
1 |
|
|a Twomey, Michael J.
|
| 245 |
1 |
2 |
|a A Century of foreign investment in the Third World
|h [electronic resource] /
|c Michael J. Twomey.
|
| 260 |
|
|
|a London ;
|a New York :
|b Routledge,
|c 2000.
|
| 300 |
|
|
|a xvi, 250 p. :
|b ill.
|
| 490 |
1 |
|
|a Routledge studies in international business and the world economy ;
|v 20
|
| 504 |
|
|
|a Includes bibliographical references (p. [228]-245) and index.
|
| 533 |
|
|
|a Electronic reproduction. Ann Arbor, MI : ProQuest, 2015. Available via World Wide Web. Access may be limited to ProQuest affiliated libraries.
|
| 650 |
|
0 |
|a Investments, Foreign
|z Developing countries
|x History
|y 20th century.
|
| 650 |
|
0 |
|a Investments.
|
| 655 |
|
4 |
|a Electronic books.
|
| 710 |
2 |
|
|a ProQuest (Firm)
|
| 830 |
|
0 |
|a Routledge studies in international business and the world economy ;
|v 20.
|
| 856 |
4 |
0 |
|u https://ebookcentral.proquest.com/lib/matrademy/detail.action?docID=168497
|z Click to View
|